000 00780nam a22002537a 4500
001 72647
003 UA-OsUOA
005 20220729151347.0
007 ta
008 20110125b un ||||| |||| 00| 0 ukr d
020 _a5868840577
040 _aUA-OsUOA
_brus
_cUA-OsUOA
_dUA-OsUOA
041 _arus
080 _a821.161.1
090 _a821.161.1
_bП57
100 _aПоплавский Б.
245 _aСобрание сочинений: в 3 т.
_bроманы
260 _aМ.
_bСогласие
_c2000
300 _a464 с.
505 _gТ. 2
_tАполлон Безобразов. Домой с небес
650 7 _a821 Художня література окремими мовами і мовними сім'ями
_2UDC
942 _cBK
_2udc
955 _a3
999 _c358931
_d358931